Methods in behavioral research / (Record no. 19033)

MARC details
000 -LEADER
fixed length control field 01700cam a2200337 a 4500
001 - CONTROL NUMBER
control field 15420682
003 - CONTROL NUMBER IDENTIFIER
control field OSt
005 - DATE AND TIME OF LATEST TRANSACTION
control field 20211118122545.0
008 - FIXED-LENGTH DATA ELEMENTS--GENERAL INFORMATION
fixed length control field 080821s2009 maua b 001 0 eng
010 ## - LIBRARY OF CONGRESS CONTROL NUMBER
LC control number 2008037022
020 ## - INTERNATIONAL STANDARD BOOK NUMBER
International Standard Book Number 9780073370224 (alk. paper)
020 ## - INTERNATIONAL STANDARD BOOK NUMBER
International Standard Book Number 0073370223 (alk. paper)
035 ## - SYSTEM CONTROL NUMBER
System control number (OCoLC)ocn226356701
035 ## - SYSTEM CONTROL NUMBER
System control number (OCoLC)226356701
040 ## - CATALOGING SOURCE
Original cataloging agency DLC
Transcribing agency HU
Modifying agency BTCTA
-- BAKER
-- C#P
-- BWX
-- DLC
050 00 - LIBRARY OF CONGRESS CALL NUMBER
Classification number BF76.5
Item number .C67 2009
082 00 - DEWEY DECIMAL CLASSIFICATION NUMBER
Classification number 150.72
Edition number 22
100 1# - MAIN ENTRY--PERSONAL NAME
Personal name Cozby, Paul C.
9 (RLIN) 19259
245 10 - TITLE STATEMENT
Title Methods in behavioral research /
Statement of responsibility, etc. Paul C. Cozby.
250 ## - EDITION STATEMENT
Edition statement 10th ed.
260 ## - PUBLICATION, DISTRIBUTION, ETC.
Place of publication, distribution, etc. Boston :
Name of publisher, distributor, etc. McGraw-Hill Higher Education,
Date of publication, distribution, etc. c2009.
300 ## - PHYSICAL DESCRIPTION
Extent xvii 403 p. :
Other physical details ill. ;
Dimensions 24 cm.
504 ## - BIBLIOGRAPHY, ETC. NOTE
Bibliography, etc. note Includes bibliographical references (p. 381-392) and index.
505 0# - FORMATTED CONTENTS NOTE
Formatted contents note Scientific understanding of behavior -- Where to start -- Ethical research -- Studying behavior -- Measurement concepts -- Observational methods -- Asking people about themselves : survey research -- Experimental design -- Conducting experiments -- Complex experimental designs -- Single case, quasi-experimental, and developmental research -- Understanding research results : description and correlation -- Understanding research results : statistical inference -- Generalizing results.
650 #0 - SUBJECT ADDED ENTRY--TOPICAL TERM
Topical term or geographic name entry element Psychology
General subdivision Research
-- Methodology.
9 (RLIN) 14004
650 #0 - SUBJECT ADDED ENTRY--TOPICAL TERM
Topical term or geographic name entry element Social sciences
General subdivision Research
-- Methodology.
9 (RLIN) 10279
856 41 - ELECTRONIC LOCATION AND ACCESS
Materials specified Table of contents only
Uniform Resource Identifier <a href="http://www.loc.gov/catdir/toc/ecip0826/2008037022.html">http://www.loc.gov/catdir/toc/ecip0826/2008037022.html</a>
906 ## - LOCAL DATA ELEMENT F, LDF (RLIN)
a 7
b cbc
c orignew
d 1
e ecip
f 20
g y-gencatlg
942 ## - ADDED ENTRY ELEMENTS (KOHA)
Source of classification or shelving scheme Dewey Decimal Classification
Koha item type Books like text book referance book
Suppress in OPAC No
Holdings
Withdrawn status Lost status Source of classification or shelving scheme Damaged status Not for loan Collection code Home library Current library Shelving location Date acquired Total Checkouts Full call number Barcode Date last seen Copy number Price effective from Koha item type
    Dewey Decimal Classification     Reference Wondo Genet Library Wondo Genet Library General Stacks 11/18/2021   150.72 COZ 2009 WGCFNRL00006739 11/18/2021 1 11/18/2021 Books like text book referance book